| 000 | 04697ngm a2200817Ia 4500 | ||
|---|---|---|---|
| 001 | ocm71036494 | ||
| 003 | OCoLC | ||
| 005 | 20200320181444.0 | ||
| 007 | vd cvaizq | ||
| 008 | 060823s2006 cau149 g vleng d | ||
| 020 | _a1424814863 | ||
| 020 | _a9781424814862 | ||
| 020 | _c17.95 | ||
| 024 | 1 | _a043396148345 | |
| 028 | 4 | 2 |
_a14834 _bSony Pictures Home Entertainment |
| 035 | _a(OCoLC)71036494 | ||
| 037 |
_bMidwest Tape _nhttp://www.midwesttapes.com |
||
| 040 |
_aTEFMT _cTEFMT _dTEF _dRCS _dLEO _dWACOL |
||
| 041 | 1 |
_aeng _afre _aspa _beng _bfre _bspa _heng |
|
| 043 | _ae-fr--- | ||
| 049 | _aWACL | ||
| 050 | 1 | 4 |
_aPN1995.9.S87 _bD3 2006 |
| 082 | 0 | 4 |
_a791.43/72 _222 |
| 092 |
_aDVD _bDa V |
||
| 245 | 0 | 4 |
_aThe Da Vinci code _h[videorecording] / _cColumbia Pictures ; Imagine Entertainment ; Brian Grazer/JohnCalley ; produced by John Calley, Brian Grazer ; screenplay by Akiva Goldsman ; directed by Ron Howard. |
| 250 | _a2-disc widescreen special ed. | ||
| 260 |
_aCulver City, CA : _bSony Pictures Home Entertainment, _cc2006. |
||
| 300 |
_a2 videodiscs (ca. 149 min.) : _banamorphic, sd., col. ; _c4 3/4 in. |
||
| 538 | _aDVD, region 1, widescreen (2.40:1) presentation; Dolby Digital 5.1 surround, Dolby Surround. | ||
| 546 | _aEnglish, dubbed French or dubbed Spanish dialogue, French or Spanish subtitles; closed-captioned. | ||
| 500 | _aTitle from container. | ||
| 511 | 1 | _aTom Hanks, Audrey Tautou, Ian McKellen, Jean Reno, Paul Bettany, Alfred Molina. Jürgen Prochnow, Jean-Yves Berteloot, Etienne Chicot, Jean-Pierre Marielle, Marie-Françoise Audollent. | |
| 508 | _aDirector of photography, Salvatore Totino ; editors, Daniel P. Hanley, Mike Hill ; music, Hans Zimmer ; costume designer, Daniel Orlandi ; production designer, Allan Cameron. | ||
| 500 | _aBased on the novel by Dan Brown. | ||
| 521 | 8 | _aMPAA rating: PG-13; for disturbing images, violence, some nudity, thematic material, brief drug references and sexual content. | |
| 520 | _aWhen respected American religious symbology expert Dr. Robert Langdon is summoned to the Louvre by French Captain Bezu Fache, he soon discovered that he is the number 1 suspect for the murder of a historian Langdon had been scheduled to meet with. Assisted by a French cryptographer and government agent named Sophie, Langdon is challenged to decipher a chain of cryptic codes and puzzles, all the while trying to stay ahead of Fache's lawmen in a chase through the Louvre, and out into the Parisian cityscape, and finally across the channel to England. | ||
| 500 | _aSpecial features: "First day on the set with Ron Howard" featurette; "A discussion with Dan Brown" featurette; "A portrait of Langdon" featurette; "Who is Sophie Neveu?" featurette; "Unusual suspects" featurette; "Magical places" featurette; "The filmmaking experience" a two-part featurette; "The codes of 'The Da Vinci Code'" featurette; Soundtrack featurette. | ||
| 650 | 0 |
_aSymbolism _zFrance _zParis _vDrama. _95756471 |
|
| 650 | 0 |
_aCryptographers _zFrance _zParis _vDrama. _95756472 |
|
| 600 | 0 | 0 |
_aLeonardo, _cda Vinci, _d1452-1519. _tLast Supper _vDrama. _95756469 |
| 610 | 2 | 0 |
_aMusée du Louvre _vDrama. _95756470 |
| 650 | 7 |
_aSimbolismo _zFrancia _zParís _vTeatro. _2bidex _95756473 |
|
| 650 | 7 |
_aCriptografía _zFrancia _zParís _vTeatro. _2bidex _95756474 |
|
| 650 | 8 |
_aSymbolism _zFrance _zParis _vDrama. _95756471 |
|
| 650 | 8 |
_aCryptographers _zFrance _zParis _vDrama. _95756472 |
|
| 600 | 0 | 8 |
_aLeonardo, _cda Vinci, _d1452-1519. _tLast Supper _vDrama. _95756469 |
| 655 | 0 |
_aFeature films. _95835375 |
|
| 655 | 0 |
_aThrillers (Motion pictures, television, etc.) _95692404 |
|
| 655 | 0 |
_aAdventure films. _9102630 |
|
| 655 | 0 |
_aVideo recordings for the hearing impaired. _95835376 |
|
| 655 | 7 |
_aThriller _vFeature. _2migfg _95692409 |
|
| 655 | 7 |
_aMystery _vFeature. _2migfg _95756476 |
|
| 655 | 7 |
_aAdventure _vFeature. _2migfg _95692407 |
|
| 655 | 7 |
_aSuspense films. _2gsafd _9102762 |
|
| 655 | 7 |
_aMystery films. _2gsafd _9102669 |
|
| 655 | 7 |
_aAdventure films. _2gsafd _9102630 |
|
| 700 | 1 |
_aHoward, Ron. _937107 |
|
| 700 | 1 |
_aHanks, Tom. _929715 |
|
| 700 | 1 |
_aTautou, Audrey, _d1978- _967881 |
|
| 700 | 1 |
_aMcKellen, Ian. _921070 |
|
| 700 | 1 |
_aReno, Jean, _d1948- _976588 |
|
| 700 | 1 |
_aBettany, Paul, _d1971- _969113 |
|
| 700 | 1 |
_aTotino, Salvatore. _969345 |
|
| 700 | 1 |
_aZimmer, Hans. _937194 |
|
| 700 | 1 |
_aBrown, Dan, _d1964- _tDa Vinci code. _95756477 |
|
| 710 | 2 |
_aSony Pictures Home Entertainment (Firm) _971947 |
|
| 942 |
_cDVD _077 |
||
| 948 |
_a12/01/2006 _b08/30/2012 _zSirsi |
||
| 994 |
_a02 _bWACOL |
||
| 996 |
_a52865 _b34301001005976 _cDVD _dDVD _ewcl _fi _g77 _h25.00 _i.CIRCNOTE. 2 discs _lgift _mDa V _p07/25/2011 _q01/14/2020 _r01/06/2020 |
||
| 999 |
_c263887 _d263887 |
||